| 000 | 00863nas a2200289 4500 | ||
|---|---|---|---|
| 001 | BR0102855 | ||
| 003 | BR-BrBNA | ||
| 005 | 20231205102304.0 | ||
| 007 | ta | ||
| 008 | 230509b bl.|||p| |||| 00| 00por d | ||
| 040 |
_aBR-BrBNA _bpor _cBiblioteca Nacional de Agricultura |
||
| 041 | _a(Pt) | ||
| 072 | _aF01 | ||
| 100 | 1 | _aCosta, N.L. da | |
| 100 | 1 | _aCoelho, R.W. | |
| 100 | 1 | _aReis, J.C.L. | |
| 100 | 1 | _aRodrigues, R.C. | |
| 245 | 1 | _aEfeito da cobertura vegetal na produtividade da soja no sistema de plantio direto | |
| 650 | _aSoja | ||
| 650 | _aCobertura Vegetal | ||
| 650 | _aProdutividade | ||
| 650 | _aPlantio Direto | ||
| 650 | _aForrageira de Inverno | ||
| 773 | 0 |
_tAgropecuaria Clima Temperado (Brazil) _xISSN 1415-6822 _g(Dec 1999), v. 2(2) p. 143-143 _wBR0102855 |
|
| 909 |
_a202311 _bLúcia _c55 _dLúcia Elande |
||
| 942 |
_2AGRIS _n0 _cANA |
||
| 999 |
_c166795 _d166795 |
||